| 000 | 00483nam a2200181Ia 4500 | ||
|---|---|---|---|
| 005 | 20250508152954.0 | ||
| 008 | 008 250505s9999 xx 000 0 hin d | ||
| 037 | _aBooks to be hide in OPAC | ||
| 040 |
_aFEDL _beng _cFEDL |
||
| 041 |
_ahin _2eng |
||
| 084 | _qFEDL | ||
| 100 |
_aLakshminarayan Sudhansu (et.al) _9762892 |
||
| 245 | 0 | _aParishad patrika | |
| 260 |
_aPatna, India _bBihar Rashtrabhasha Parishad |
||
| 300 | _a59p. | ||
| 942 | _cHB | ||
| 999 |
_c1339918 _d1339918 |
||